000 00317nam a2200133Ia 4500
008 220613s9999||||xx |||||||||||||| ||und||
100 _aBrian Gillham
245 0 _aWills Biochemical Basis Of Medicine
250 _a3rd(1997)
260 _bButterworth Heineman
300 _a476
650 _aMedicine
942 _cMEDI
999 _c6574
_d6574